Statistics for Biggest Asian Cities by Letter - M

Click here to take the quiz!

General Stats

  • This quiz has been taken 65 times
  • The average score is 11 of 18

Answer Stats

CountryPopulationCity% Correct
Philippines25.7 milManila
100%
India25.1 milMumbai
100%
Saudi Arabia2.12 milMecca
98%
Bahrain1.53 milManama
96%
Oman1.43 milMuscat
89%
Iran3.20 milMashhad
85%
Saudi Arabia1.54 milMedina
85%
Indonesia4.00 milMedan
78%
Iraq1.40 milMosul
74%
Myanmar1.56 milMandalay
74%
Pakistan2.10 milMultan
57%
Indonesia1.89 milMakassar
41%
India1.78 milMadurai
28%
India1.74 milMeerut
26%
Indonesia1.75 milMalang
22%
China1.42 milMaoming
15%
India1.26 milMoradabad
11%
China1.23 milMianyang
4%

Score Distribution

Percentile by Number Answered

Percent of People with Each Score

Your Score History

You have not taken this quiz